India's foreign relations, 1947-2007 : (Record no. 104751)

MARC details
000 -LEADER
fixed length control field 00659nam a22001937a 4500
005 - DATE AND TIME OF LATEST TRANSACTION
control field 20161124154013.0
010 ## - LCCN (DPL NO)
LC control number ENG-116638
020 ## - INTERNATIONAL STANDARD BOOK NUMBER
International Standard Book Number 9780415597425
Terms of availability 1895.00
035 ## - SYSTEM CONTROL NUMBER
System control number EN-100170
037 ## - SOURCE OF ACQUISITION
Source of stock number/acquisition DBAD/PUB
082 ## - DEWEY DECIMAL CLASSIFICATION NUMBER
Classification number 327.54
100 ## - MAIN ENTRY--PERSONAL NAME
Personal name Ray, Jayanta Kumar
245 ## - TITLE STATEMENT
Title India's foreign relations, 1947-2007 :
Remainder of title various issues and case studies /
Statement of responsibility, etc by Sangeeta Dodrajka
260 ## - PUBLICATION, DISTRIBUTION, ETC. (IMPRINT)
Place of publication, distribution, etc New Delhi
Name of publisher, distributor, etc Routledge
Date of publication, distribution, etc 2011
270 ## - ADDRESS
Address 912 Tolstoy House,15-17 Tolstoy House,Connaught Place
City New Delhi
Postal code 110001
300 ## - PHYSICAL DESCRIPTION
Extent xiii,813p.
Dimensions 22cm(Hb)
500 ## - GENERAL NOTE
General note Includes bibliographical references index
942 ## - ADDED ENTRY ELEMENTS (KOHA)
Source of classification or shelving scheme Dewey Decimal Classification
Item type English Books
Classification part 327.54
Call number suffix RAY
Holdings
Withdrawn status Lost status Not for loan Collection code Home library Current library Date acquired Source of acquisition Cost, normal purchase price Full call number Barcode Copy number Cost, replacement price Koha item type
    Not For Loan Non-fiction D.B.Act.Division Bawana 24/11/2016 DBAD/PUB 1895.00 327.54 RAY EN-100170 1 1895.00 English Books

© Delhi Public Library
Hit Counter
free hit counter